| 000 | 00469 a2200169 4500 | ||
|---|---|---|---|
| 003 | OSt | ||
| 005 | 20231107104031.0 | ||
| 008 | 231107b |||||||| |||| 00| 0 eng d | ||
| 020 | _a9789355492555 | ||
| 040 | _coclc | ||
| 082 |
_a894.8129 _bKAR/U |
||
| 100 |
_aKarassery, M N _91986 |
||
| 245 |
_aUMMA / _cM N Karasseri |
||
| 260 |
_aKerala: _bMathrubhumi books, _c2022. |
||
| 300 | _a112 p | ||
| 942 |
_2ddc _cBK _h894.8129 _iKAR/U _k894.8129 _mKAR/U |
||
| 999 |
_c42841 _d42841 |
||